00354 a2200109 450000500170000002000180001708200110003510000190004624500680006526000760013330000350020920250623133223.0 a9976-78-021-4 a513ABD aABDU, A. N. S. aStudy Guide For Elements Of Business Mathematics And Statistics aDar es salaambNational Board Of Accountants And Auditors (NBAA)c2004. a150p,; ill, tablebIndexc29cm